[Event "PRO League Group Stage"]
[Site "chess.com INT"]
[Date "2019.01.21"]
[Round "3"]
[White "Delorme, Alban"]
[Black "Skoberne, Jure"]
[Result "0-1"]
[WhiteTitle "FM"]
[BlackTitle "GM"]
[WhiteElo "2320"]
[BlackElo "2582"]
[WhiteTeam "Marseille Migraines"]
[BlackTeam "Ljubljana Turtles"]
[WhiteFideId "623636"]
[BlackFideId "14604299"]
[EventDate "2019.01.08"]

1. d4 Nf6 2. Nf3 g6 3. g3 Bg7 4. Bg2 O-O 5. O-O d6 6. a4 a5 7. Nc3 Nbd7 8. Re1
e5 9. e4 h6 10. h3 Re8 11. Be3 exd4 12. Bxd4 c6 13. Qd2 Qc7 14. Rad1 Ne5 15.
Nxe5 dxe5 16. Bc5 Nd7 17. Bd6 Qb6 18. Qe3 Bf8 19. Qxb6 Nxb6 20. Bc7 Nd7 21. Rd3
Bc5 22. Red1 Bd4 23. Ne2 Nc5 24. R3d2 Bxb2 25. c3 Nxa4 26. Rc2 b5 27. f4 Be6 28.
Rb1 Ba3 29. Bxe5 Bc4 30. Ra1 Bc5+ 31. Nd4 Rxe5 32. fxe5 Nxc3 33. Kh2 Bxd4 34. e6
Be5 35. exf7+ Bxf7 36. Bf1 a4 37. Rac1 b4 38. Kg2 a3 39. Rxc3 Bxc3 40. Bd3 a2 0-1

[Event "PRO League Group Stage"]
[Site "chess.com INT"]
[Date "2019.01.21"]
[Round "3"]
[White "Regoli, Stephane"]
[Black "Unuk, Laura"]
[Result "0-1"]
[BlackTitle "WIM"]
[WhiteElo "2256"]
[BlackElo "2234"]
[WhiteTeam "Marseille Migraines"]
[BlackTeam "Ljubljana Turtles"]
[WhiteFideId "615110"]
[BlackFideId "14609215"]
[EventDate "2019.01.08"]

1. e4 e5 2. Nf3 Nc6 3. Nc3 g6 4. d4 exd4 5. Nxd4 Bg7 6. Nxc6 bxc6 7. Bc4 d6 8.
O-O Be6 9. Bxe6 fxe6 10. f4 Nf6 11. f5 gxf5 12. exf5 exf5 13. Re1+ Kf7 14. Bg5
Rf8 15. Qf3 Qd7 16. Bxf6 Bxf6 17. Ne2 Kg8 18. Nf4 Be5 19. Rad1 Qf7 20. b3 Kh8
21. Kh1 Rg8 22. Nd3 Bc3 23. Rf1 Raf8 24. Rf2 Bd4 25. Rff1 c5 26. Nf4 Rg5 27.
Rde1 Be5 28. Nd3 Bc3 29. Re2 Rfg8 30. Nxc5 Be5 31. Nd3 Qg7 32. a4 a5 33. Rff2
Bd4 34. Rf1 Qh6 35. h3 Qg7 36. Qd5 Rg3 37. Rxf5 Rxh3+ 0-1

[Event "PRO League Group Stage"]
[Site "chess.com INT"]
[Date "2019.01.21"]
[Round "3"]
[White "Fridman, Daniel"]
[Black "Admiraal, Miguoel"]
[Result "1-0"]
[WhiteTitle "GM"]
[BlackTitle "IM"]
[WhiteElo "2631"]
[BlackElo "2478"]
[WhiteTeam "Baden-Baden Snowballs"]
[BlackTeam "Amsterdam Mosquitoes"]
[WhiteFideId "11600454"]
[BlackFideId "1019716"]
[EventDate "2019.01.08"]

1. d4 d5 2. Nf3 Nf6 3. c4 c6 4. g3 dxc4 5. Bg2 g6 6. O-O Bg7 7. a4 O-O 8. Na3
Be6 9. Qc2 Na6 10. Bd2 Bd5 11. Nxc4 Bxf3 12. Bxf3 Qxd4 13. b4 Nd5 14. b5 cxb5
15. axb5 Rac8 16. bxa6 Rxc4 17. Qd3 Qxd3 18. exd3 Rc2 19. Rad1 e6 20. axb7 Rb8
21. Bxd5 exd5 22. Rc1 Rxc1 23. Rxc1 Bf8 24. Rc8 1-0

[Event "PRO League Group Stage"]
[Site "chess.com INT"]
[Date "2019.01.21"]
[Round "3"]
[White "Ducarmon, Quinten"]
[Black "Kollars, Dmitrij"]
[Result "0-1"]
[WhiteTitle "IM"]
[BlackTitle "GM"]
[WhiteElo "2479"]
[BlackElo "2562"]
[WhiteTeam "Amsterdam Mosquitoes"]
[BlackTeam "Baden-Baden Snowballs"]
[WhiteFideId "1025007"]
[BlackFideId "12909572"]
[EventDate "2019.01.08"]

1. e4 e5 2. Nf3 Nc6 3. d4 exd4 4. Nxd4 Bc5 5. Nb3 Bb6 6. Nc3 Nf6 7. Bd3 d6 8. h3
O-O 9. O-O Ne5 10. Be2 Re8 11. Kh2 Ng6 12. Bd3 c6 13. f4 Ng4+ 14. Kh1 Nf2+ 15.
Rxf2 Bxf2 16. Qf3 Qh4 17. Bd2 Qg3 18. Qxg3 Bxg3 19. Rf1 h5 20. Nd4 Bh4 21. Nf5
Be7 22. g4 hxg4 23. hxg4 Bf8 24. Kg2 Be6 25. Rh1 Rad8 26. Kf3 b5 27. Ne3 Bc8 28.
Ne2 Bb7 29. Ng3 a6 30. Rh2 d5 31. exd5 cxd5 32. Nef5 d4+ 33. Kf2 Bc5 34. Nh5 Bf8
35. Ba5 Rc8 36. Bb6 Be4 37. Nh6+ gxh6 38. Nf6+ Kh8 39. Nxe4 Bg7 40. Kf3 Rc6 41.
Ba7 Nxf4 42. Kxf4 Be5+ 43. Kf5 Bxh2 44. Bxd4+ f6 45. Nxf6 Rf8 46. g5 hxg5 47.
Kxg5 Rd6 48. c3 Bg1 49. Bxg1 Rfxf6 50. Bd4 Rxd4 51. cxd4 Rd6 52. Be4 Rxd4 53.
Bb7 Rd6 54. Kf5 Kg7 55. Ke5 Rb6 56. Bd5 Kf8 57. Kd4 Ke7 58. Kc5 Rh6 59. Kb4 Kd6
60. Bf7 Kc7 61. Ka5 Kb7 62. Bd5+ Ka7 63. b3 Rh2 64. a4 bxa4 65. Kxa4 Kb6 66. Bc4
Rh4 67. Kb4 Rh5 68. Ka4 Ra5+ 69. Kb4 Ra1 70. Kc3 Kc5 71. Kb2 Ra5 72. Kc3 Kb6 73.
Kb4 Rg5 74. Kc3 Rg3+ 75. Kb4 Rg4 76. Kc3 a5 77. Kb2 Rg1 78. Ka3 Kc5 79. Bf7 Ra1+
80. Kb2 Rf1 81. Bc4 Rg1 82. Ka3 Re1 83. Kb2 Kb4 84. Bd5 Rd1 85. Bc4 Rd2+ 86. Kc1
Rh2 87. Bd5 Kc3 88. Kb1 Rd2 89. Be6 Rb2+ 90. Ka1 Re2 91. Bd5 Rd2 92. Be6 Kb4 93.
Bf7 Rf2 94. Be6 Ka3 95. Kb1 Rf1+ 96. Kc2 Rf6 97. Bd5 Rd6 98. Bf7 Rc6+ 99. Kb1
Rc3 100. Be6 Re3 101. Bf7 Re1+ 102. Kc2 Kb4 103. Bg8 Re7 104. Bd5 Kc5 105. Bg8
Kd4 106. Kb2 Re1 107. Kc2 Re2+ 108. Kb1 Kc3 109. Bf7 Re1+ 110. Ka2 Kb4 111. Bg8
Re2+ 112. Kb1 Ka3 113. Bf7 Re1+ 114. Kc2 Re7 115. Bd5 Rd7 116. Be6 Rd4 117. Bf7
Rb4 118. Be6 Ka2 119. Bf7 Ka1 120. Be6 Rb6 121. Bd5 Rb5 122. Be6 Rc5+ 123. Bc4
a4 124. Kc3 a3 125. Kb4 a2 126. Kxc5 Kb2 127. b4 a1=Q 128. b5 Qg1+ 129. Kc6 Kc3
130. Bd5 Kb4 0-1

[Event "PRO League Group Stage"]
[Site "chess.com INT"]
[Date "2019.01.21"]
[Round "3"]
[White "Lopez, Jasel"]
[Black "Agrest, Inna"]
[Result "0-1"]
[WhiteTitle "FM"]
[BlackTitle "WIM"]
[WhiteElo "2388"]
[BlackElo "2275"]
[WhiteTeam "Amsterdam Mosquitoes"]
[BlackTeam "Baden-Baden Snowballs"]
[WhiteFideId "15900045"]
[BlackFideId "1708830"]
[EventDate "2019.01.08"]

1. Nf3 Nf6 2. c4 g6 3. Nc3 Bg7 4. e4 d6 5. d4 O-O 6. Be2 Na6 7. O-O e5 8. d5 Nc5
9. Qc2 a5 10. b3 Nh5 11. Re1 f5 12. Nd2 Nf4 13. Bf1 Qg5 14. g3 Qg4 15. Ba3 Nh3+
16. Bxh3 Qxh3 17. Bxc5 dxc5 18. Qd3 f4 19. Nb5 Rf7 20. a3 Bg4 21. Qf1 Qh6 22.
Qd3 Raf8 23. Rf1 Qh3 24. Nf3 fxg3 25. fxg3 Bxf3 26. Qc2 Bxe4 0-1

[Event "PRO League Group Stage"]
[Site "chess.com INT"]
[Date "2019.01.21"]
[Round "3"]
[White "Meier, Georg"]
[Black "Spoelman, Wouter"]
[Result "1-0"]
[WhiteTitle "GM"]
[BlackTitle "GM"]
[WhiteElo "2623"]
[BlackElo "2578"]
[WhiteTeam "Baden-Baden Snowballs"]
[BlackTeam "Amsterdam Mosquitoes"]
[WhiteFideId "4675789"]
[BlackFideId "1010891"]
[EventDate "2019.01.08"]

1. Nf3 d5 2. g3 c6 3. Bg2 Nf6 4. O-O Nbd7 5. d4 e6 6. Nbd2 Bd6 7. c4 O-O 8. b3
b6 9. Bb2 Bb7 10. Qc2 c5 11. cxd5 exd5 12. Rad1 Qe7 13. dxc5 bxc5 14. e4 dxe4
15. Ng5 Rfe8 16. Rfe1 Be5 17. Ndxe4 Nxe4 18. Bxe4 Bxe4 19. Qxe4 g6 20. Nf3 f6
21. Nxe5 Nxe5 22. f4 Nf3+ 23. Qxf3 Qxe1+ 24. Rxe1 Rxe1+ 25. Kf2 Rae8 26. Bxf6
Rc1 27. Qd5+ 1-0

[Event "PRO League Group Stage"]
[Site "chess.com INT"]
[Date "2019.01.21"]
[Round "3"]
[White "Lagarde, Maxime"]
[Black "Braun, Arik"]
[Result "1-0"]
[WhiteTitle "GM"]
[BlackTitle "GM"]
[WhiteElo "2604"]
[BlackElo "2598"]
[WhiteTeam "Cannes Blitzstreams"]
[BlackTeam "Berlin Bears"]
[WhiteFideId "662399"]
[BlackFideId "4663527"]
[EventDate "2019.01.08"]

1. c4 Nf6 2. Nc3 c5 3. Nf3 b6 4. e4 Bb7 5. e5 Ng4 6. d4 cxd4 7. Qxd4 h5 8. Bf4
Nc6 9. Qd2 g6 10. h3 Nh6 11. Nd5 Rc8 12. O-O-O Na5 13. Kb1 Nxc4 14. Qd4 Nf5 15.
Qe4 Na5 16. Bb5 Rc5 17. e6 Bg7 18. Bxd7+ Kf8 19. Ng5 Rc4 20. Qe2 Nd4 21. Rxd4
Rxd4 22. Bc7 Qa8 23. Nc3 Bf6 24. Nxf7 Rxd7 25. exd7 Kxf7 26. Rd1 Nc6 27. g4 hxg4
28. hxg4 Nd8 29. f4 Ne6 30. Qc4 Bxc3 31. f5 gxf5 32. gxf5 Be4+ 33. Ka1 Bxf5 34.
bxc3 Kf6 35. d8=Q Rxd8 36. Bxd8 Qf3 37. Qh4+ Ke5 38. Qh8+ Kf4 39. Qh6+ Ke5 40.
Re1+ Be4 41. Qh2+ Kd5 42. Qd2+ Kc6 43. Bxe7 Bd5 44. Ba3 Qg4 45. Qe3 Qc4 46. Qd2
Kb7 47. Be7 Nf4 48. Rd1 Kc6 49. Bg5 Nd3 50. Qc2 Nc5 51. Be3 Ne4 52. Bd4 Kb7 53.
Re1 Nd6 54. Rb1 Kc6 55. Rb4 Qf1+ 56. Rb1 Qc4 57. Rb4 Qf1+ 58. Qb1 Qe2 59. Rb2
Qc4 60. Be5 Nb5 61. Qg1 Kb7 62. Qg7+ Ka6 63. Qf6 Na3 64. Qf2 Qd3 65. Qe2 Qxe2
66. Rxe2 Nc4 67. Bh2 Bc6 68. Re7 Na5 69. Bb8 Bb7 70. Rh7 Nc6 71. Bd6 Bc8 72. Rc7
Bb7 73. Kb2 Na5 74. Bb4 Nc6 75. Kc2 Ne5 76. Kd2 Nc6 77. Ke3 Ba8 78. Kf4 Kb5 79.
Bf8 a5 80. Ke3 Kc4 81. Bg7 Kb5 82. Bd4 Ka6 83. Kf4 Bb7 84. Ke3 a4 85. Rh7 Na5
86. Rh6 Bc6 87. Kd3 Bb5+ 88. Ke4 Nc4 89. Kd5 Ka5 90. Bf6 Ne3+ 91. Ke4 Ng4 92.
Rg6 Nxf6+ 93. Rxf6 a3 94. Kd4 Be8 95. c4 Bd7 96. Rd6 Ba4 97. Kc3 Be8 98. Kb3 Bb5
99. cxb5 1-0

[Event "PRO League Group Stage"]
[Site "chess.com INT"]
[Date "2019.01.21"]
[Round "3"]
[White "Mekhitarian, Krikor Sevag"]
[Black "Lampert, Jonas"]
[Result "1-0"]
[WhiteTitle "GM"]
[BlackTitle "IM"]
[WhiteElo "2536"]
[BlackElo "2544"]
[WhiteTeam "Cannes Blitzstreams"]
[BlackTeam "Berlin Bears"]
[WhiteFideId "2107660"]
[BlackFideId "1303759"]
[EventDate "2019.01.08"]

1. Nf3 d5 2. d4 Nf6 3. c4 e6 4. Nc3 Be7 5. Bg5 O-O 6. e3 h6 7. Bh4 b6 8. Rc1 Bb7
9. Bxf6 Bxf6 10. cxd5 exd5 11. Be2 Re8 12. O-O c6 13. b4 b5 14. a4 a5 15. axb5
axb4 16. Na4 Be7 17. Ne5 cxb5 18. Bxb5 Rf8 19. Nc5 Bc8 20. Qb3 Qb6 21. Qxd5 Ra5
22. Bd3 Na6 23. Nc4 Bxc5 24. Nxb6 Bxb6 25. Qc6 Bc7 26. Bxa6 1-0

[Event "PRO League Group Stage"]
[Site "chess.com INT"]
[Date "2019.01.21"]
[Round "3"]
[White "Blohberger, Felix"]
[Black "Velten, Paul"]
[Result "1/2-1/2"]
[WhiteTitle "IM"]
[BlackTitle "GM"]
[WhiteElo "2450"]
[BlackElo "2496"]
[WhiteTeam "Berlin Bears"]
[BlackTeam "Cannes Blitzstreams"]
[WhiteFideId "1632051"]
[BlackFideId "681091"]
[EventDate "2019.01.08"]

1. Nf3 Nf6 2. g3 b6 3. Bg2 Bb7 4. O-O g6 5. b3 Bg7 6. Bb2 O-O 7. c4 c5 8. d4
cxd4 9. Qxd4 Nc6 10. Qc3 Rc8 11. Rd1 Qc7 12. Qe1 Qb8 13. Nc3 d6 14. Rac1 Nd8 15.
Nh4 Bxg2 16. Nxg2 Ne6 17. Ne3 Qb7 18. Qf1 a6 19. Qg2 Qxg2+ 20. Kxg2 Rfe8 21. Ba1
Nd7 22. Ncd5 Bxa1 23. Rxa1 f5 24. Nb4 Nec5 25. Rac1 Kf7 26. h4 Nf6 27. Ned5 b5
28. Nxf6 Kxf6 29. Nd5+ Kf7 30. Rc2 Ne6 31. Rdc1 Ra8 32. e3 Reb8 33. Kf3 b4 34.
Ke2 a5 35. Nf4 Nc5 36. f3 a4 37. Rb1 axb3 38. axb3 Ra3 39. Rcb2 h6 40. Nd3 g5
41. Nxc5 dxc5 42. Rd1 gxh4 43. gxh4 Ke6 44. Rd5 Rg8 45. Kf2 Ra1 46. Rbd2 Rag1
47. Ke2 Rb1 48. Kf2 Rbg1 49. Ke2 R8g2+ 50. Kd3 Rxd2+ 51. Kxd2 Rg2+ 52. Kd3 Rb2
53. Rxc5 Rxb3+ 54. Kd4 h5 55. Rc6+ Kf7 56. Rh6 f4 57. exf4 Rxf3 58. Ke4 Rc3 59.
Kd4 1/2-1/2

[Event "PRO League Group Stage"]
[Site "chess.com INT"]
[Date "2019.01.21"]
[Round "3"]
[White "Berger, Steve"]
[Black "Bordi, Kevin"]
[Result "1-0"]
[WhiteTitle "IM"]
[WhiteElo "2435"]
[BlackElo "2288"]
[WhiteTeam "Berlin Bears"]
[BlackTeam "Cannes Blitzstreams"]
[WhiteFideId "4644786"]
[BlackFideId "621862"]
[EventDate "2019.01.08"]

1. e4 d5 2. exd5 Qxd5 3. Nc3 Qa5 4. d4 Nf6 5. Nf3 c6 6. Bc4 Bf5 7. Ne5 e6 8. g4
Bg6 9. h4 Nbd7 10. Nxd7 Nxd7 11. Bd2 h5 12. d5 cxd5 13. Nxd5 Qc5 14. Qe2 Rc8 15.
Bb3 Qd4 16. O-O-O Qe4 17. Be3 exd5 18. f3 Qe6 19. Rhe1 Be7 20. Bxa7 O-O 21. Qxe6
fxe6 22. Rxe6 Bf6 23. Rxd5 Nb8 24. Bxb8 Rxb8 25. Rd7 Bf7 26. g5 Bd8 27. g6 Bg5+
28. hxg5 Bxe6 29. Bxe6+ Kh8 30. Rd4 Rbe8 31. Bf7 Re1+ 32. Kd2 Rh1 33. f4 Rg1 34.
Ke3 b5 35. Kf2 Rg4 36. Kf3 Rg1 37. Rd2 Rh1 38. Kg2 Rh4 39. Kg3 Rg4+ 40. Kf3 Rh4
41. Rg2 Rc8 42. c3 Ra8 43. Kg3 Rg4+ 44. Kf3 Rh4 45. Ke4 Ra4+ 46. b4 Ra7 47. Ke5
Re7+ 48. Be6 Rh3 49. f5 Re8 50. Rd2 h4 51. Kd6 Re3 52. Bd7 Rf8 53. Rh2 h3 54.
Be6 Rxc3 55. Ke7 Rb8 56. f6 Rb7+ 57. Kd6 Rb6+ 58. Ke7 Re3 59. Rxh3+ Rxh3 60.
Bxh3 Rb7+ 61. Bd7 Ra7 62. Ke6 Kg8 63. Bxb5 Kf8 64. a4 Rb7 65. Kd6 Rb6+ 66. Kc5
Re6 67. a5 gxf6 68. gxf6 Rxf6 69. a6 Rf5+ 70. Kb6 Kg7 71. a7 1-0

[Event "PRO League Group Stage"]
[Site "chess.com INT"]
[Date "2019.01.21"]
[Round "3"]
[White "Hammer, Jon Ludvig"]
[Black "Forcen Esteban, Daniel"]
[Result "1/2-1/2"]
[WhiteTitle "GM"]
[BlackTitle "GM"]
[WhiteElo "2652"]
[BlackElo "2567"]
[WhiteTeam "Norway Gnomes"]
[BlackTeam "Barcelona Raptors"]
[WhiteFideId "1503707"]
[BlackFideId "2288230"]
[EventDate "2019.01.08"]

1. c4 e5 2. g3 d6 3. d4 Be7 4. Nc3 f5 5. Nd5 Nf6 6. Nxe7 Qxe7 7. Bg2 Nc6 8. d5
Nd8 9. b3 O-O 10. Nf3 Nf7 11. Bb2 e4 12. Nd4 e3 13. f4 Nh6 14. Qc2 Bd7 15. O-O-O
Nhg4 16. Nxf5 Bxf5 17. Qxf5 Nf2 18. Qe6+ Qxe6 19. dxe6 Rab8 20. Bd4 Rbe8 21.
Bxf6 Rxf6 22. Bxb7 Kf8 23. Bd5 Rc8 24. Rhf1 Nxd1 25. Kxd1 Ke7 26. Kc2 c6 27. Bf3
d5 28. cxd5 cxd5+ 29. Kd3 Rc5 30. Bg4 h5 31. Bxh5 Rxe6 32. Bf3 Ra5 33. Ra1 Kd6
34. a3 Re8 35. b4 Ra4 36. Kc3 Rb8 37. Kb2 a5 38. Rd1 axb4 39. Rxd5+ Ke6 40. Re5+
Kf6 41. axb4 Raxb4+ 42. Kc3 Rb3+ 43. Kc2 Rb2+ 44. Kd3 R2b3+ 45. Kc2 Rb2+ 46. Kd3
R8b3+ 47. Ke4 Rb1 48. Rf5+ Ke6 49. Re5+ Kf6 50. h4 Ra3 51. Bg4 Rg1 52. Rf5+ Ke7
53. Rg5 Rxg3 54. Rxg7+ Kf6 55. Rg5 Ra4+ 56. Kd3 Rxf4 57. Bf3 Rh3 58. Rc5 Rfxh4
59. Kxe3 Rb4 60. Rc6+ Ke7 61. Rc7+ Kd6 62. Rg7 Rhh4 63. Rg6+ Ke7 64. Kf2 Rb2 65.
Rc6 Ra4 66. Rc3 Ra7 67. Re3+ Kf6 68. Rd3 Ra6 69. Re3 Rd2 70. Rc3 Raa2 71. Ke3
Rdb2 72. Kf4 Rxe2 73. Bxe2 Rxe2 74. Re3 Rxe3 75. Kxe3 1/2-1/2

[Event "PRO League Group Stage"]
[Site "chess.com INT"]
[Date "2019.01.21"]
[Round "3"]
[White "Salomon, Johan"]
[Black "Alonso Rosell, Alvar"]
[Result "1-0"]
[WhiteTitle "GM"]
[BlackTitle "GM"]
[WhiteElo "2494"]
[BlackElo "2559"]
[WhiteTeam "Norway Gnomes"]
[BlackTeam "Barcelona Raptors"]
[WhiteFideId "1509500"]
[BlackFideId "2270544"]
[EventDate "2019.01.08"]

1. Nf3 d5 2. g3 Nf6 3. Bg2 e6 4. O-O Be7 5. c4 O-O 6. b3 a5 7. d4 a4 8. Bb2 Ne4
9. Qc2 Nc6 10. bxa4 Nb4 11. Qb3 Bd7 12. Nc3 Nxc3 13. Qxc3 dxc4 14. Qxc4 Rxa4 15.
Qb3 Nd5 16. a3 Ra7 17. Rfc1 Ba4 18. Qd3 c6 19. Ne5 Bb5 20. Qd2 Qa8 21. e4 Nb6
22. d5 cxd5 23. Qd4 Na4 24. Nc6 Bf6 25. Ne7+ Kh8 26. Qxf6 Rg8 27. Qd4 e5 28.
Qxe5 f6 29. Qh5 Rd8 30. Bd4 b6 31. Nxd5 Be8 32. Qh4 Bf7 33. Nxf6 Bg8 34. Nd5 Rf7
35. Rc4 Rdf8 36. Rac1 Qe8 37. Rc7 Nc5 38. Rxf7 Qxf7 39. Bxc5 bxc5 40. Qf4 Qe8
41. Qe3 Qa4 42. Qxc5 Rb8 43. h4 Qb3 44. Qc3 Qa4 45. h5 h6 46. Nf4 Qb5 47. e5 Bf7
48. e6 Be8 49. Qd3 Qb2 50. Re1 Qf6 51. Ng6+ Kg8 52. e7 Bxg6 53. Qxg6 Qxg6 54.
hxg6 1-0

[Event "PRO League Group Stage"]
[Site "chess.com INT"]
[Date "2019.01.21"]
[Round "3"]
[White "Asis Gargatagli, Hipolito"]
[Black "Hauge, Lars Oskar"]
[Result "0-1"]
[WhiteTitle "IM"]
[BlackTitle "IM"]
[WhiteElo "2529"]
[BlackElo "2466"]
[WhiteTeam "Barcelona Raptors"]
[BlackTeam "Norway Gnomes"]
[WhiteFideId "2260735"]
[BlackFideId "1509276"]
[EventDate "2019.01.08"]

1. e4 c5 2. Nf3 d6 3. d4 cxd4 4. Nxd4 Nf6 5. Nc3 a6 6. Be3 e5 7. Nb3 Be6 8. f3
h5 9. Qd2 Nbd7 10. O-O-O Rc8 11. Kb1 Be7 12. Bg5 b5 13. a3 O-O 14. h4 Qb6 15.
Nd5 Nxd5 16. exd5 Bf5 17. Bd3 Bxd3 18. Qxd3 Rfe8 19. Bd2 Nc5 20. Qe3 Qb7 21. Bb4
Nxb3 22. cxb3 Bf8 23. g4 hxg4 24. fxg4 e4 25. Rd4 Re5 26. Rhd1 Qd7 27. Rg1 Qb7
28. g5 Rce8 29. Ka2 Qd7 30. Rf1 g6 31. Rf4 Bg7 32. Rdxe4 Qc7 33. Rxe5 Rxe5 34.
Re4 Rxd5 35. Re8+ Kh7 36. Qf3 Qc2 37. Re2 Qf5 38. Qg2 Rd4 39. Rf2 Rf4 40. Rd2
Rxh4 41. Bxd6 Rh3 42. Rf2 Qe6 43. Qxh3+ Qxh3 44. Rh2 Qxh2 45. Bxh2 f6 46. gxf6
Bxf6 47. a4 g5 48. axb5 axb5 49. b4 Kg6 50. Kb3 Kf5 51. Kc2 Ke4 52. b3 g4 0-1

[Event "PRO League Group Stage"]
[Site "chess.com INT"]
[Date "2019.01.21"]
[Round "3"]
[White "Herrera Reyes, Jose Antonio"]
[Black "Mihajlov, Sebastian"]
[Result "1-0"]
[WhiteTitle "FM"]
[BlackTitle "IM"]
[WhiteElo "2324"]
[BlackElo "2363"]
[WhiteTeam "Barcelona Raptors"]
[BlackTeam "Norway Gnomes"]
[WhiteFideId "2274914"]
[BlackFideId "1512110"]
[EventDate "2019.01.08"]

1. Nf3 Nf6 2. g3 g6 3. Bg2 Bg7 4. d3 O-O 5. h4 d5 6. Nc3 Nc6 7. h5 Nxh5 8. e4
dxe4 9. Nxe4 Bg4 10. Rh4 Ne5 11. Be3 f5 12. Neg5 f4 13. gxf4 Nxf4 14. Bxf4 Rxf4
15. Ne6 Bxf3 16. Rxf4 Bxd1 17. Nxd8 Bxc2 18. Bd5+ Kh8 19. Ne6 Nxd3+ 20. Kd2 Nxf4
21. Nxf4 Bf5 22. Rh1 e5 23. Ne6 c6 24. Bb3 Re8 25. Ng5 h5 26. Nf7+ Kh7 27. Ng5+
Kh8 28. Nf7+ Kg8 29. Nd6+ Kf8 30. Nxf5 gxf5 31. Rxh5 f4 32. Rf5+ Ke7 33. Rf7+
Kd6 34. Rxg7 Rh8 35. Rxb7 Rh2 36. Ke2 e4 37. Rf7 Ke5 38. Re7+ Kd4 39. Bc2 e3 40.
Re4+ Kd5 41. Rxf4 exf2 42. Rxf2 Rh1 43. Kd2 1-0

[Event "PRO League Group Stage"]
[Site "chess.com INT"]
[Date "2019.01.22"]
[Round "3"]
[White "Haria, Ravi"]
[Black "Durarbayli, Vasif"]
[Result "1/2-1/2"]
[WhiteTitle "IM"]
[BlackTitle "GM"]
[WhiteElo "2450"]
[BlackElo "2620"]
[WhiteTeam "London Lions"]
[BlackTeam "Webster Windmills"]
[WhiteFideId "415820"]
[BlackFideId "13402935"]
[EventDate "2019.01.08"]

1. Nf3 c5 2. e4 a6 3. c3 d5 4. exd5 Qxd5 5. d4 Nf6 6. Be2 e6 7. O-O cxd4 8. cxd4
Be7 9. Nc3 Qd6 10. Be3 Nc6 11. Nd2 O-O 12. Nc4 Qd8 13. Bf3 Nb4 14. Qb3 Nbd5 15.
Nxd5 Nxd5 16. Bxd5 exd5 17. Nb6 Rb8 18. Nxc8 Qxc8 19. Qxd5 Rd8 20. Qb3 Bd6 21.
Rfd1 Qf5 22. Rac1 h5 23. Qc2 Qd5 24. Qc4 Qf5 25. d5 Re8 26. b3 Re4 27. Qd3 Qe5
28. g3 h4 29. Rc4 Re8 30. Rxe4 Qxe4 31. Qxe4 Rxe4 32. Kg2 hxg3 33. hxg3 Kf8 34.
Kf3 Re8 35. Re1 Re5 36. Rd1 Re8 37. Bd4 Rc8 38. Rd2 g6 39. Bf6 Ke8 40. Ke4 Rc1
41. Kd3 Kd7 42. Bb2 Re1 43. a4 Bb4 44. Bc3 Bxc3 45. Kxc3 Kd6 46. Kd4 Re5 47. Kc4
Re4+ 48. Rd4 Re1 49. Kd3 Rd1+ 50. Kc4 Rc1+ 51. Kd3 b5 52. axb5 axb5 53. g4 f6
54. Rf4 Ke5 55. Rb4 Rd1+ 56. Ke3 Rxd5 57. f4+ Ke6 58. Re4+ Kd6 59. Rd4 f5 60. g5
Kc5 61. b4+ Kc6 62. Rxd5 Kxd5 63. Kd3 Kc6 64. Kc3 Kd5 1/2-1/2

[Event "PRO League Group Stage"]
[Site "chess.com INT"]
[Date "2019.01.22"]
[Round "3"]
[White "Escalante Ramirez, Brian Sebasti"]
[Black "Tan, Justin2"]
[Result "0-1"]
[WhiteTitle "IM"]
[BlackTitle "GM"]
[WhiteElo "2446"]
[BlackElo "2502"]
[WhiteTeam "Webster Windmills"]
[BlackTeam "London Lions"]
[WhiteFideId "3819566"]
[BlackFideId "3206882"]
[EventDate "2019.01.08"]

1. e4 e5 2. Nf3 Nc6 3. d4 exd4 4. Nxd4 Bc5 5. Nb3 Bb6 6. Nc3 Nf6 7. Bg5 h6 8.
Bh4 O-O 9. f3 Re8 10. Qe2 a5 11. a4 g5 12. Bf2 Bxf2+ 13. Qxf2 d5 14. O-O-O Nb4
15. h4 Qd6 16. hxg5 hxg5 17. g3 Qf8 18. exd5 Bf5 19. Nd4 Bg6 20. Qd2 g4 21. Qg5
Qg7 22. Nf5 Bxf5 23. Qxf5 Re3 24. fxg4 Rxc3 25. bxc3 Na2+ 26. Kd2 Nxg4 27. Bd3
Qxc3+ 28. Ke2 Re8+ 29. Kf3 Re3+ 30. Kxg4 Qg7+ 31. Kh5 Re5 32. Qxe5 Qxe5+ 33. Kg4
Nc3 34. Rde1 Qd4+ 35. Kh3 Nxd5 36. Re8+ Kg7 37. Re4 Qf2 38. Rf1 Qd2 39. Rg4+ Kf8
40. Bc4 Qh6+ 41. Rh4 Qe6+ 42. Kh2 c6 43. Bxd5 Qxd5 44. Rhf4 Ke8 45. c4 Qh5+ 46.
Kg2 Qe2+ 47. R1f2 Qe6 48. g4 Kd8 49. Kg3 Qe3+ 50. R2f3 Qe1+ 51. Kg2 Qe2+ 52. Rf2
Qe6 53. Kh3 Qh6+ 54. Kg3 Qd6 55. Kh3 Qh6+ 56. Kg2 Qe6 57. g5 Qg6 58. Rf5 f6 59.
Rxf6 Qxg5+ 60. Kh2 Qh4+ 61. Kg2 Qxc4 62. Rf7 Kc8 63. R7f4 Qd5+ 64. Kg3 Kb8 65.
Rb2 Qd3+ 66. Rf3 Qd6+ 67. Rf4 Qg6+ 68. Rg4 Qd3+ 69. Kh4 Ka7 70. Rf2 Qh7+ 71. Kg3
Qc7+ 72. Rgf4 Qe5 73. Kg4 Ka6 74. R2f3 Qe6+ 75. Rf5 Qc4+ 76. R3f4 Qe2+ 77. Kg3
Qe3+ 78. Kg4 Qg1+ 79. Kh3 Qb1 80. Kg4 c5 81. Rf6+ Ka7 82. Rf7 c4 83. Rc7 Qg1+
84. Kf5 Qb1+ 85. Kg4 Qg6+ 86. Kf3 Qd3+ 87. Kg4 Qd1+ 88. Kf5 Qxa4 89. Rfxc4 Qd1
90. Rc1 Qd3+ 91. Kf4 Ka6 92. R7c3 Qd4+ 93. Kf3 b6 94. Re3 a4 95. Rcc3 Ka5 96.
Red3 Qf6+ 97. Ke2 b5 98. Kd2 Qf2+ 99. Kd1 Kb4 100. Rc2 Qf1+ 101. Kd2 Qg2+ 102.
Kc1 Qf1+ 103. Rd1 Qf4+ 104. Kb1 a3 105. Ka2 Qf7+ 106. Ka1 Qf6+ 107. Ka2 Qe6+
108. Ka1 Ka4 109. Rd4+ b4 110. Rd1 Qe5+ 111. Kb1 Qe4 112. Kc1 Kb3 113. Rcd2 a2
114. Rd3+ Kc4 115. Kb2 Qxd3 116. Rxd3 Kxd3 117. Kxa2 Kc2 118. Ka1 Kc3 119. Kb1
Kb3 120. Ka1 Ka3 121. Kb1 Kb3 122. Ka1 Kc2 123. Ka2 b3+ 0-1

[Event "PRO League Group Stage"]
[Site "chess.com INT"]
[Date "2019.01.22"]
[Round "3"]
[White "Polgar-Shutzman, Tom"]
[Black "Movsesian, Sergei"]
[Result "0-1"]
[BlackTitle "GM"]
[WhiteElo "2181"]
[BlackElo "2629"]
[WhiteTeam "Webster Windmills"]
[BlackTeam "London Lions"]
[WhiteFideId "2064880"]
[BlackFideId "310204"]
[EventDate "2019.01.08"]

1. e4 c5 2. Nf3 e6 3. b3 d6 4. Bb2 Nc6 5. d4 cxd4 6. Nxd4 Nf6 7. Nxc6 bxc6 8. e5
Ne4 9. exd6 Bxd6 10. Qg4 Qa5+ 11. c3 f5 12. Qf3 O-O 13. Bc4 Kh8 14. O-O e5 15.
b4 Qc7 16. Rd1 Ng5 17. Qh5 Ne6 18. Nd2 Nf4 19. Qf3 e4 20. Qe3 Nd5 21. Qh3 f4 22.
Qh5 Nf6 23. Qa5 Qe7 24. Re1 e3 25. fxe3 fxe3 26. Nf1 Ng4 27. Re2 Rf5 28. Qa4
Rxf1+ 29. Kxf1 Qf6+ 30. Ke1 Bxh2 31. Bc1 Qxc3+ 32. Kf1 Qxa1 33. Qxc6 Qxc1+ 34.
Re1 e2+ 35. Kxe2 Qc2+ 0-1